000 00276nam a2200121Ia 4500
005 20251222144759.0
008 251222s9999||||xx |||||||||||||| ||spa||
082 _a869.560.1/E87
100 _aEspinosa Montoya, Rafael
245 0 _aPica-pica
264 _bCopé
942 _cLIB
999 _c19667
_d19667